书目信息 |
| 题名: |
图书馆使用指南
|
|
| 作者: | 葛玉龙 编 | |
| 分册: | ||
| 出版信息: | 1989.2 |
|
| 页数: | 127页 | |
| 开本: | 19厘米 | |
| 丛书名: | ||
| 单 册: | ||
| 中图分类: | G252.6 | |
| 科图分类: | ||
| 主题词: | 图书馆学 , 图书馆事业 | |
| 电子资源: | ||
| ISBN: | ||
| 000 | 00744nam0 2200265 45 | |
| 001 | 0189012490 | |
| 005 | 20040426142550.9 | |
| 010 | @dCNY1.15 | |
| 020 | @aCN@b89012490 | |
| 100 | @a19910105d1989 m y0chiy0120 ea | |
| 101 | 0 | @achi |
| 102 | @aCN@b310000 | |
| 105 | @ay z 000yy | |
| 106 | @ar | |
| 200 | 10 | @a图书馆使用指南@Atu shu guan shi yong zhi nan@f葛玉龙等编@Fge yu long deng bian |
| 210 | @d1989.2 | |
| 215 | @a127页@d19厘米 | |
| 330 | @a本书包括图书馆简史、大学图书馆、图书馆利用、图书馆各类参考工具书简介等内容。 | |
| 540 | 1 | @a图书馆@Atu shu guan |
| 606 | 0 | @a图书馆学 |
| 606 | 0 | @a图书馆事业 |
| 690 | @aG252.6@v3 | |
| 701 | 0 | @a葛玉龙@Age yu long@4编 |
| 801 | 0 | @aCN@bNLC@c19910105 |
| 905 | @f1@b226687@dG252.6@e3 | |
| 图书馆使用指南/葛玉龙等编.-1989.2 |
| 127页;19厘米 |
| ISBN :CNY1.15 |
| 本书包括图书馆简史、大学图书馆、图书馆利用、图书馆各类参考工具书简介等内容。 |
| ● |
| 相关链接 |
|
|
|
|
正题名:图书馆使用指南
索取号:G252.6/3
 
预约/预借
| 序号 | 登录号 | 条形码 | 馆藏地/架位号 | 状态 | 备注 |
| 1 | 0226687 | 000501576 | 密集书库/ [索取号:G252.6/3] | 在馆 | |
| 2 | 0226688 | 000501996 | 第一样本阅览室/ [索取号:G252.6/3] | 在馆 |